Jugadores del Villarreal CF desde el año 2000 - Estadísticas

Estadísticas generales
  • Esta prueba ha sido intentada 167 veces
  • La puntuación promedio es 21 de 195
Estadísticas de respuestas
Jugador País % Correcto
Gerard Moreno España
73%
Forlán Uruguay
72%
Riquelme Argentina
72%
Parejo España
65%
Marcos Senna España
61%
Albiol España
59%
Cazorla España
57%
Asenjo España
54%
Bruno España
49%
Reina España
45%
Rossi Italia
45%
Pau Torres España
44%
Capdevila España
38%
Manu Trigueros España
38%
Coquelin Francia
36%
Gio Dos Santos México
32%
Jonathan Dos Santos México
31%
Mario Gaspar España
30%
Godín Uruguay
28%
Pirés Francia
28%
Mario España
27%
Arruabarrena Argentina
26%
Bacca Colombia
26%
Cani España
26%
Alcácer España
25%
Diego López España
25%
Palermo Argentina
25%
Rodri Hernández España
25%
Jaume Costa España
23%
Sorín Argentina
22%
Alberto Moreno España
21%
Denis Suarez España
21%
Nihat Turquía
21%
Soriano Italia
20%
Bakambu Congo
19%
Barbosa Argentina
19%
Chukwueze Nigeria
18%
Nilmar Brasil
18%
Gonzalo Rodríguez Argentina
17%
Javi Venta España
17%
Samu García España
17%
Marchena España
16%
Areola Francia
15%
Guille Franco México
15%
Kubo Japón
15%
Sansone Italia
14%
Bailly Costa de Marfil
13%
Pedraza España
13%
Rukavina Serbia
13%
Uche Nigeria
13%
Castillejo España
12%
Cygan Francia
12%
Ibagaza Argentina
12%
Josico España
12%
Llorente España
12%
Víctor España
12%
Musacchio Argentina
11%
Soldado España
11%
Valencia Ecuador
11%
Viera Uruguay
11%
Vietto Argentina
11%
Xisco Nadal España
11%
Andrés Fernández España
10%
Cheryshev Rusia
10%
Craioveanu Rumanía
10%
Fornals España
10%
Jonathan Pereira España
10%
Pato Brasil
10%
Toko Ekambi Camerún
10%
Tomasson Dinamarca
10%
Altidore Estados Unidos
9%
Anguissa Camerún
9%
Gabriel Paulista Brasil
9%
Fabricio Fuentes Argentina
8%
Guayre España
8%
Iborra España
8%
Pere Martí España
8%
Borja Valero España
7%
Héctor Font España
7%
Juan Carlos España
7%
Matías Fernandez Chile
7%
Nahuel España
7%
Peña Bolivia
7%
Adrián López España
6%
Anderson Brasil
6%
Calleja España
6%
César España
6%
Funes Mori Argentina
6%
Moi Gómez España
6%
Pina España
6%
Ángel España
5%
Aquino México
5%
Bonera Italia
5%
Camuñas España
5%
Catalá España
5%
Chakla Marruecos
5%
Coloccini Argentina
5%
Eguren Uruguay
5%
Javi Fuego España
5%
Jose Mari España
5%
Josemi España
5%
López Vallejo España
5%
Mellberg Suecia
5%
Ndiaye Senegal
5%
Quique Álvarez España
5%
Unal Turquía
5%
Víctor Ruiz España
5%
Zapata Colombia
5%
Arzo España
4%
Layún México
4%
Quique Medina España
4%
Raba España
4%
Rubén Peña España
4%
Rubén Semedo Portugal
4%
Xavi Roca España
4%
Battaglia Argentina
3%
Jokic Eslovenia
3%
Jorge López España
3%
Leo Baptistao Brasil
3%
Oliver Torres España
3%
Ratiu Rumanía
3%
Somoza Argentina
3%
Tacchinardi Italia
3%
Álvaro González España
2%
Amor España
2%
Aranda España
2%
Ballesteros España
2%
Cagna Argentina
2%
Campbell Costa Rica
2%
Canteros Argentina
2%
Farinós España
2%
Galca Rumanía
2%
Gracia España
2%
Iñiguez España
2%
José Enrique España
2%
Juanma España
2%
Marco Rubén Argentina
2%
Pizzi Argentina
2%
Quintillá España
2%
Santos Borré Colombia
2%
Unai España
2%
Verza España
2%
Armando Sá Mozambique
1%
Belletti Brasil
1%
Berruet España
1%
Cáseres Argentina
1%
Castellani Argentina
1%
David Fuster España
1%
De Nigris México
1%
Dorado España
1%
Escoda España
1%
Gaitán Argentina
1%
Galván España
1%
Iturra Chile
1%
Jaime Ramos España
1%
José Ángel España
1%
Krompkamp Holanda
1%
Lejeune Francia
1%
Leo Suárez Argentina
1%
Moisés España
1%
Morlanes España
1%
Pandiani Uruguay
1%
Pantic Serbia
1%
Rubén Reyes España
1%
Schelotto Argentina
1%
Tasevski Serbia
1%
Unanua España
1%
Wakaso Ghana
1%
Adrián Marín España
0%
Alcántara España
0%
Bordas España
0%
Cavenaghi Argentina
0%
Chuca España
0%
Cristobal España
0%
De la Bella España
0%
Edu Ramos España
0%
Escudero Argentina
0%
Figueroa Argentina
0%
Hernán Pérez Uruguay
0%
Jefferson Montero Ecuador
0%
Jordi Pablo España
0%
Joselu España
0%
Marcano España
0%
Marcos García España
0%
Marioni Argentina
0%
Niño España
0%
Ortolá España
0%
Pablo González España
0%
Perbert Francia
0%
Ramiro Uruguay
0%
Roger Martínez Colombia
0%
Sergio Marcos España
0%
Toribio España
0%
Truyols España
0%
No se encontraron pruebas coincidentes
Distribución de puntuación
Porcentaje de gente con cada puntuación
Porcentaje por número respondido
Historial de tus puntuaciones
No has intentado esta prueba.